Саха сиригэр сүѳһү аhылыга буолар культуралар бастыҥ суортара (Запись № 9920003)

Подробности
000 -МАРКЕР
контрольное поле 01543nam0a2200277 4500
001 - ИДЕНТИФИКАТОР ЗАПИСИ
контрольное поле RU\NLR\BIBL_A\010449146
005 - ИДЕНТИФИКАТОР ВЕРСИИ
контрольное поле 20250614053745.0
035 ## - ДРУГИЕ СИСТЕМНЫЕ НОМЕРА
Идентификатор записи (NLR Aleph) 010449146
100 ## - ДАННЫЕ ОБЩЕЙ ОБРАБОТКИ
Данные общей обработки 20140806d1961 |||y0rusy50 ca
101 0# - ЯЗЫК РЕСУРСА
Язык текста, звукозаписи и т.д. якутский
102 ## - СТРАНА ПУБЛИКАЦИИ ИЛИ ПРОИЗВОДСТВА
Страна публикации Российская Федерация
105 ## - ПОЛЕ КОДИРОВАННЫХ ДАННЫХ: ТЕКСТОВЫЕ МАТЕРИАЛЫ, МОНОГРАФИЧЕСКИЕ
Кодированные данные о монографическом текстовом документе a||||||||||||
200 1# - ЗАГЛАВИЕ И СВЕДЕНИЯ ОБ ОТВЕТСТВЕННОСТИ
Основное заглавие Саха сиригэр сүѳһү аhылыга буолар культуралар бастыҥ суортара
Первые сведения об ответственности Н. П. Болотова, В. Д. Иванова, Е. А. Солодовникова
Последующие сведения об ответственности Саха АССР Тыатын хаhаайыстыбатын мин-вота. ССРС Тыатын хаhаайыстыбатын иhинээҕи тыа хаhаайыстыбаннай культуралар суортарын боруобалыыр госкомиссия инспектурата
210 ## - ПУБЛИКАЦИЯ, РАСПРОСТРАНЕНИЕ И ДР.
Место издания, распространения и т.д. Якутскай
Имя издателя, распространителя и т. д. Саха сиринээҕи кинигэ изд-вота
Дата издания, распространения и т.д. 1961
215 ## - ФИЗИЧЕСКАЯ ХАРАКТЕРИСТИКА
Специфическое обозначение материала и объем 42,[1] с.
Другие сведения о физической характеристике ил.
Размеры 20
541 1# - ПЕРЕВОД ЗАГЛАВИЯ, СДЕЛАННЫЙ КАТАЛОГИЗАТОРОМ
Заглавие Лучшие сорта кормовых культур для Якутской АССР
Язык заглавия русский
606 1# - НАИМЕНОВАНИЕ ТЕМЫ КАК ПРЕДМЕТ
Наименование темы Кормопроизводство
Системный номер авторитетной/нормативной записи 957897
Идентификатор авторитетной/нормативной записи RU\NLR\AUTH\6638340
686 1# - ИНДЕКСЫ ДРУГИХ КЛАССИФИКАЦИЙ
Индекс П22
700 #1 - ИМЯ ЛИЦА - ПЕРВИЧНАЯ ОТВЕТСТВЕННОСТЬ
Начальный элемент ввода Болотова
Часть имени, кроме начального элемента ввода Н.П.
Расширение инициалов личного имени Надежда Петровна
Код отношения Автор
701 #1 - ИМЯ ЛИЦА - АЛЬТЕРНАТИВНАЯ ОТВЕТСТВЕННОСТЬ
Начальный элемент ввода Иванова
Часть имени, кроме начального элемента ввода В.Д.
Расширение инициалов личного имени Валентина Дмитриевна
Код отношения Автор
701 #1 - ИМЯ ЛИЦА - АЛЬТЕРНАТИВНАЯ ОТВЕТСТВЕННОСТЬ
Начальный элемент ввода Солодовникова
Часть имени, кроме начального элемента ввода Е.А.
Расширение инициалов личного имени Елизавета Александровна
Код отношения Автор
852 ## - МЕСТОНАХОЖДЕНИЕ И ШИФР ХРАНЕНИЯ
Идентификатор организации NLR
Наименование фонда или коллекции (Sub-Location Identifier) ОНЛ
Шифр хранения (Call Number) Якут./2-1302
942 ## - ДОПОЛНИТЕЛЬНЫЕ ЭЛЕМЕНТЫ ЗАПИСИ (АБИС)
Тип экземпляра АБИС Книга
980 ## - КОЛЛЕКЦИЯ
Название коллекции Национальная библиография
Экземпляры
Тип экземпляра Дата поступления Библиотека постоянного хранения Библиотека текущего хранения Место хранения Шифр хранения Штрих-код Статус экземпляра
Книга 06.08.2014 РНБ (Московский) РНБ (Московский) Фонд национальных литератур ОНЛ Якут./2-1302 1-383612